[Event "Young Stars of the World 2011"]
[Site "Kirishi RUS"]
[Date "2011.05.13"]
[Round "6.1"]
[White "Smirnov, Vladislav"]
[Black "Atabayev, Maksat"]
[Result "0-1"]
[WhiteElo "1957"]
[BlackElo "2355"]
[PlyCount "70"]
[EventDate "2011.05.07"]
[EventType "tourn"]
[EventRounds "11"]
[EventCountry "RUS"]
[EventCategory "3"]
[Source "lmi"]
[SourceDate "2011.05.07"]

1. e4 c5 2. Nc3 Nc6 3. g3 g6 4. Bg2 Bg7 5. d3 e6 6. f4 Nge7 7. Nf3 O-O 8. O-O
d6 9. Be3 Nd4 10. Bf2 Nec6 11. Nxd4 cxd4 12. Ne2 e5 13. h3 f5 14. c3 dxc3 15.
bxc3 Kh8 16. Qd2 Be6 17. d4 Bc4 18. fxe5 dxe5 19. d5 Qd6 20. Rfd1 Ne7 21. Nc1
b6 22. Nb3 Rad8 23. Qc2 fxe4 24. Bxe4 Qf6 25. d6 Rxd6 26. Rxd6 Qxd6 27. Rd1 Qe6
28. Bg2 Bd5 29. Re1 Bxg2 30. Kxg2 Rc8 31. Kh2 Nd5 32. Nd4 Qd7 33. Ne2 Qf7 34.
Kg2 Rf8 35. Ng1 Nxc3 0-1

[Event "Young Stars of the World 2011"]
[Site "Kirishi RUS"]
[Date "2011.05.13"]
[Round "6.2"]
[White "Bajarani, Ulvi"]
[Black "Grigoryan, Karen H."]
[Result "1/2-1/2"]
[WhiteElo "2437"]
[BlackElo "2463"]
[PlyCount "84"]
[EventDate "2011.05.07"]
[EventType "tourn"]
[EventRounds "11"]
[EventCountry "RUS"]
[EventCategory "3"]
[Source "lmi"]
[SourceDate "2011.05.07"]

1. Nf3 d5 2. d4 Nf6 3. c4 c6 4. e3 g6 5. Nc3 Bg7 6. Bd3 O-O 7. O-O Bg4 8. h3
Bxf3 9. Qxf3 e6 10. Bd2 Nbd7 11. Rac1 Qe7 12. b3 Rad8 13. cxd5 exd5 14. Rfd1
Rfe8 15. b4 b5 16. a4 a6 17. a5 Ne4 18. Be2 Nd6 19. Rc2 f5 20. Re1 Qe6 21. Bf1
Kh8 22. Ne2 Nc4 23. Nf4 Qf6 24. Nd3 Rf8 25. Bc3 Qe6 26. Nf4 Qe7 27. Nd3 Rde8
28. Qf4 g5 29. Qg3 Rg8 30. Nc5 Nxc5 31. dxc5 Bxc3 32. Rxc3 Qf6 33. Rc2 Qe5 34.
Qxe5+ Nxe5 35. Rd1 Kg7 36. Rd4 Kf6 37. Be2 Re7 38. g4 h6 39. gxf5 Kxf5 40. Kf1
Rf8 41. Kg2 Ref7 42. Bh5 Re7 1/2-1/2

[Event "Young Stars of the World 2011"]
[Site "Kirishi RUS"]
[Date "2011.05.13"]
[Round "6.3"]
[White "Stukopin, Andrey"]
[Black "Goganov, Aleksey"]
[Result "1/2-1/2"]
[WhiteElo "2471"]
[BlackElo "2480"]
[PlyCount "25"]
[EventDate "2011.05.07"]
[EventType "tourn"]
[EventRounds "11"]
[EventCountry "RUS"]
[EventCategory "3"]
[Source "lmi"]
[SourceDate "2011.05.07"]

1. e4 e5 2. Bc4 Nf6 3. d3 Nc6 4. a3 Bc5 5. Nc3 Nd4 6. Nf3 d6 7. h3 c6 8. O-O b5
9. Ba2 h6 10. Nxd4 Bxd4 11. Ne2 Bb6 12. a4 bxa4 13. Nc3 1/2-1/2

[Event "Young Stars of the World 2011"]
[Site "Kirishi RUS"]
[Date "2011.05.13"]
[Round "6.6"]
[White "Atabayev, Yusup"]
[Black "Eliseev, Urii"]
[Result "1/2-1/2"]
[WhiteElo "2319"]
[BlackElo "2433"]
[PlyCount "69"]
[EventDate "2011.05.07"]
[EventType "tourn"]
[EventRounds "11"]
[EventCountry "RUS"]
[EventCategory "3"]
[Source "lmi"]
[SourceDate "2011.05.07"]

1. e4 c5 2. Nf3 d6 3. d4 cxd4 4. Nxd4 Nf6 5. f3 e5 6. Nb3 a5 7. Be3 a4 8. N3d2
d5 9. exd5 Nxd5 10. Bf2 Nc6 11. Bb5 Be7 12. O-O O-O 13. c3 Qa5 14. Bc4 Bc5 15.
b4 Bxf2+ 16. Rxf2 Ne3 17. Qe2 Qb6 18. Na3 Re8 19. Re1 Nxc4 20. Ndxc4 Qd8 21.
Rd1 Qe7 22. Nb6 Rb8 23. Nd5 Qg5 24. b5 Ne7 25. h4 Qxh4 26. Qxe5 Bf5 27. g3 Nxd5
28. Qxe8+ Rxe8 29. gxh4 Nxc3 30. Rdd2 g6 31. Nc4 Nxb5 32. Rb2 Re1+ 33. Kg2 Nc3
34. Rxb7 Be6 35. Rb4 1/2-1/2

[Event "Young Stars of the World 2011"]
[Site "Kirishi RUS"]
[Date "2011.05.14"]
[Round "7.1"]
[White "Eliseev, Urii"]
[Black "Smirnov, Vladislav"]
[Result "1-0"]
[WhiteElo "2433"]
[BlackElo "1957"]
[PlyCount "95"]
[EventDate "2011.05.07"]
[EventType "tourn"]
[EventRounds "11"]
[EventCountry "RUS"]
[EventCategory "3"]
[Source "lmi"]
[SourceDate "2011.05.07"]

1. e4 d5 2. exd5 Qxd5 3. Nc3 Qa5 4. g3 c6 5. Bg2 Nf6 6. Nge2 Bf5 7. b4 Qc7 8.
O-O e6 9. Rb1 Nbd7 10. d3 Bd6 11. h3 O-O 12. g4 Bg6 13. f4 h6 14. Be3 Nb6 15.
Qd2 Nbd5 16. Nxd5 Nxd5 17. Bxd5 cxd5 18. Nd4 Be7 19. Kh1 Bf6 20. Nf3 Rac8 21.
Rf2 Rfd8 22. Bd4 Bxd4 23. Nxd4 e5 24. fxe5 Qxe5 25. Rf4 Re8 26. Rbf1 Qe3 27.
Qg2 Rcd8 28. Kh2 Qe5 29. Kg1 Qe3+ 30. R1f2 Qe1+ 31. Kh2 Qe5 32. Kg1 Qe1+ 33.
Rf1 Qe3+ 34. Kh2 Qe5 35. Qg3 Qe3 36. h4 Qxg3+ 37. Kxg3 f6 38. h5 Bh7 39. Kf2 a6
40. a4 Ra8 41. a5 Rac8 42. Rb1 Rc3 43. Rb3 Rec8 44. Ke3 Rxb3 45. Nxb3 Rxc2 46.
Nc5 Kf7 47. Nxb7 Rc6 48. Nd8+ 1-0

[Event "Young Stars of the World 2011"]
[Site "Kirishi RUS"]
[Date "2011.05.14"]
[Round "7.2"]
[White "Alekseenko, Kirill"]
[Black "Atabayev, Yusup"]
[Result "1/2-1/2"]
[WhiteElo "2317"]
[BlackElo "2319"]
[PlyCount "48"]
[EventDate "2011.05.07"]
[EventType "tourn"]
[EventRounds "11"]
[EventCountry "RUS"]
[EventCategory "3"]
[Source "lmi"]
[SourceDate "2011.05.07"]

1. e4 e6 2. d4 d5 3. Nc3 Nf6 4. exd5 exd5 5. Bf4 Bd6 6. Qd2 O-O 7. O-O-O c6 8.
f3 b5 9. Bd3 a5 10. g4 Na6 11. Nge2 a4 12. Ng3 a3 13. b3 Bb4 14. g5 Ne8 15.
Nge2 Ba5 16. h4 Nb4 17. Kb1 Nd6 18. Ng3 Nxd3 19. Qxd3 Nc4 20. Rde1 Qb6 21. Nh5
Nb2 22. Qe3 Nc4 23. Qd3 Nb2 24. Qe3 Nc4 1/2-1/2

[Event "Young Stars of the World 2011"]
[Site "Kirishi RUS"]
[Date "2011.05.14"]
[Round "7.3"]
[White "Styazhkina, Anna"]
[Black "Mammadov, Zaur Fazahir Oglu"]
[Result "0-1"]
[WhiteElo "2026"]
[BlackElo "2351"]
[PlyCount "52"]
[EventDate "2011.05.07"]
[EventType "tourn"]
[EventRounds "11"]
[EventCountry "RUS"]
[EventCategory "3"]
[Source "lmi"]
[SourceDate "2011.05.07"]

1. c4 e6 2. Nc3 d5 3. cxd5 exd5 4. d4 c6 5. Bf4 Nf6 6. e3 Bd6 7. Bxd6 Qxd6 8.
Bd3 O-O 9. Nf3 Bg4 10. h3 Bh5 11. O-O Nbd7 12. Rc1 Rfe8 13. Be2 Rad8 14. a3 Bg6
15. Nd2 Nf8 16. b4 Ne6 17. Nb3 Ng5 18. Nc5 Qe7 19. Qa4 a6 20. Qb3 Bf5 21. a4
Nxh3+ 22. gxh3 Bxh3 23. Nd3 Nh5 24. Kh2 Qh4 25. Rh1 Rxe3 26. Qd1 Rg3 0-1

[Event "Young Stars of the World 2011"]
[Site "Kirishi RUS"]
[Date "2011.05.14"]
[Round "7.4"]
[White "Goganov, Aleksey"]
[Black "Usmanov, Vasily"]
[Result "1-0"]
[WhiteElo "2480"]
[BlackElo "2289"]
[PlyCount "89"]
[EventDate "2011.05.07"]
[EventType "tourn"]
[EventRounds "11"]
[EventCountry "RUS"]
[EventCategory "3"]
[Source "lmi"]
[SourceDate "2011.05.07"]

1. d4 Nf6 2. c4 g6 3. Nc3 Bg7 4. e4 O-O 5. Nf3 d6 6. Be2 Bg4 7. Be3 Nfd7 8. Rc1
a6 9. O-O c5 10. d5 b5 11. cxb5 axb5 12. Bxb5 Ne5 13. Be2 Nxf3+ 14. Bxf3 Bxf3
15. Qxf3 Qb6 16. Qe2 Nd7 17. Bg5 Rfe8 18. b3 Qb4 19. Bd2 e6 20. Nb5 Rxa2 21.
Bxb4 Rxe2 22. Nxd6 Rb8 23. dxe6 fxe6 24. Bxc5 Nxc5 25. Rxc5 Rxb3 26. Rc8+ Bf8
27. Ne8 Rbb2 28. Rc7 Bh6 29. Nf6+ Kf8 30. Nxh7+ Ke8 31. Nf6+ Kd8 32. Rd7+ Kc8
33. Rd3 Rbc2 34. Rf3 g5 35. h3 Bg7 36. e5 Rcd2 37. Rb1 Rxe5 38. Ne8 Bh6 39.
Rc3+ Kd8 40. Rb8+ Ke7 41. Rc7+ Rd7 42. Rxd7+ Kxd7 43. Nf6+ Kc6 44. Rc8+ Kd6 45.
Rh8 1-0

[Event "Young Stars of the World 2011"]
[Site "Kirishi RUS"]
[Date "2011.05.14"]
[Round "7.5"]
[White "Grigoryan, Karen H."]
[Black "Stukopin, Andrey"]
[Result "1/2-1/2"]
[WhiteElo "2463"]
[BlackElo "2471"]
[PlyCount "46"]
[EventDate "2011.05.07"]
[EventType "tourn"]
[EventRounds "11"]
[EventCountry "RUS"]
[EventCategory "3"]
[Source "lmi"]
[SourceDate "2011.05.07"]

1. d4 d5 2. c4 dxc4 3. e3 Nf6 4. Bxc4 e6 5. Nf3 a6 6. a4 c5 7. O-O Nc6 8. Qe2
Qc7 9. Nc3 Be7 10. dxc5 Bxc5 11. e4 Ng4 12. g3 O-O 13. Kg2 b6 14. Bf4 Bd6 15.
Bxd6 Qxd6 16. Rad1 Qc5 17. Ba2 Bb7 18. Ne1 Nf6 19. Nd3 Qe7 20. Qe3 Nd7 21. b4
Rfc8 22. Rb1 a5 23. bxa5 Nxa5 1/2-1/2

[Event "Young Stars of the World 2011"]
[Site "Kirishi RUS"]
[Date "2011.05.14"]
[Round "7.6"]
[White "Atabayev, Maksat"]
[Black "Bajarani, Ulvi"]
[Result "1/2-1/2"]
[WhiteElo "2355"]
[BlackElo "2437"]
[PlyCount "45"]
[EventDate "2011.05.07"]
[EventType "tourn"]
[EventRounds "11"]
[EventCountry "RUS"]
[EventCategory "3"]
[Source "lmi"]
[SourceDate "2011.05.07"]

1. e4 e6 2. d4 d5 3. Nc3 Nf6 4. e5 Nfd7 5. Nf3 c5 6. dxc5 Nc6 7. Bf4 Bxc5 8.
Bd3 f6 9. exf6 Nxf6 10. O-O O-O 11. Ne5 Bd7 12. Qe2 Qe7 13. Rae1 Rae8 14. a3 a6
15. Kh1 Nxe5 16. Bxe5 Bc6 17. f4 g6 18. b4 Bd6 19. Qe3 Bxe5 20. fxe5 Nd7 21.
Rxf8+ Rxf8 22. Ne2 Bb5 23. Nd4 1/2-1/2

[Event "Young Stars of the World 2011"]
[Site "Kirishi RUS"]
[Date "2011.05.15"]
[Round "8.1"]
[White "Smirnov, Vladislav"]
[Black "Bajarani, Ulvi"]
[Result "0-1"]
[WhiteElo "1957"]
[BlackElo "2437"]
[PlyCount "92"]
[EventDate "2011.05.07"]
[EventType "tourn"]
[EventRounds "11"]
[EventCountry "RUS"]
[EventCategory "3"]
[Source "lmi"]
[SourceDate "2011.05.07"]

1. e4 e6 2. d4 d5 3. Nc3 Nf6 4. e5 Nfd7 5. f4 c5 6. Nf3 Nc6 7. Be3 Be7 8. Qd2
O-O 9. Be2 b6 10. O-O Bb7 11. Bd3 f5 12. Nd1 cxd4 13. Nxd4 Nc5 14. c3 Qc8 15.
Nf2 Na5 16. Be2 Nc4 17. Qc1 Ba6 18. b3 Nxe3 19. Bxa6 Nxa6 20. Qxe3 Nc5 21. Rac1
Qd7 22. g3 Rfd8 23. Rfd1 Ne4 24. Kg2 Bc5 25. b4 Bxd4 26. Rxd4 Qa4 27. Nxe4 dxe4
28. Qd2 Rxd4 29. cxd4 Rd8 30. Kf2 Qa3 31. Rc2 h5 32. Qc3 Qxc3 33. Rxc3 Rxd4 34.
a3 Rd2+ 35. Kg1 Ra2 36. h3 a5 37. bxa5 bxa5 38. h4 a4 39. Kf1 Kf7 40. Rc7+ Ke8
41. Rxg7 Rxa3 42. Kf2 Ra2+ 43. Kf1 a3 44. Ra7 Ra1+ 45. Kf2 a2 46. Ra6 Rh1 0-1

[Event "Young Stars of the World 2011"]
[Site "Kirishi RUS"]
[Date "2011.05.15"]
[Round "8.2"]
[White "Stukopin, Andrey"]
[Black "Atabayev, Maksat"]
[Result "0-1"]
[WhiteElo "2471"]
[BlackElo "2355"]
[PlyCount "110"]
[EventDate "2011.05.07"]
[EventType "tourn"]
[EventRounds "11"]
[EventCountry "RUS"]
[EventCategory "3"]
[Source "lmi"]
[SourceDate "2011.05.07"]

1. e4 e6 2. Nf3 d5 3. Nc3 Nf6 4. e5 Nfd7 5. d4 c5 6. dxc5 Nc6 7. Bf4 Bxc5 8.
Bd3 a6 9. Qe2 h6 10. h4 Nd4 11. Nxd4 Bxd4 12. Kf1 O-O 13. Rd1 f6 14. Bh7+ Kxh7
15. Qd3+ Kh8 16. Qxd4 fxe5 17. Bxe5 Nxe5 18. Qxe5 Bd7 19. Ne2 Rf5 20. Qe3 Qf6
21. Ng3 Re5 22. Qf3 Qe7 23. Qc3 Qf6 24. Qf3 Bb5+ 25. Kg1 Qxf3 26. gxf3 Rf8 27.
Rd4 Re1+ 28. Kg2 Rxh1 29. Nxh1 Bc4 30. b3 Be2 31. f4 Rc8 32. Rd2 Bg4 33. Ng3
Rc3 34. Ne2 Bf3+ 35. Kg1 Bxe2 36. Rxe2 Rc6 37. Kg2 g6 38. Kg3 Kg7 39. Kg4 Kf6
40. f3 Rc3 41. Rh2 Re3 42. h5 Re1 43. Kg3 b5 44. hxg6 Kxg6 45. f5+ Kxf5 46.
Rxh6 Rg1+ 47. Kf2 Rc1 48. c4 bxc4 49. bxc4 Rxc4 50. Rh5+ Kg6 51. Re5 Rc2+ 52.
Ke3 Kf6 53. Rh5 Rxa2 54. Rh8 Ra3+ 55. Kf4 Ra4+ 0-1

[Event "Young Stars of the World 2011"]
[Site "Kirishi RUS"]
[Date "2011.05.15"]
[Round "8.3"]
[White "Usmanov, Vasily"]
[Black "Grigoryan, Karen H."]
[Result "0-1"]
[WhiteElo "2289"]
[BlackElo "2463"]
[PlyCount "83"]
[EventDate "2011.05.07"]
[EventType "tourn"]
[EventRounds "11"]
[EventCountry "RUS"]
[EventCategory "3"]
[Source "lmi"]
[SourceDate "2011.05.07"]

1. d4 d5 2. c4 c6 3. Nf3 Nf6 4. e3 e6 5. Nbd2 Nbd7 6. Qc2 Bd6 7. Bd3 O-O 8. O-O
h6 9. b3 Qe7 10. e4 dxe4 11. Nxe4 Nxe4 12. Bxe4 Nf6 13. Bd3 b6 14. Bb2 Bb7 15.
Nd2 c5 16. Ne4 Nxe4 17. Bxe4 Bxh2+ 18. Kxh2 Qh4+ 19. Kg1 Bxe4 20. Qc3 Qg5 21.
f3 Bb7 22. dxc5 Qxc5+ 23. Rf2 f6 24. b4 Qc7 25. c5 Bd5 26. a4 Rfc8 27. Rc1 bxc5
28. bxc5 Rab8 29. f4 Rb3 30. Qd4 Qc6 31. Rd2 Rcb8 32. Bc3 Rb1 33. Rxb1 Rxb1+
34. Kh2 Qe8 35. g4 Qg6 36. f5 Qg5 37. Kg3 Rf1 38. Rf2 Rg1+ 39. Kh3 h5 40. Rb2
hxg4+ 41. Kh2 g3+ 42. Kxg1 0-1

[Event "Young Stars of the World 2011"]
[Site "Kirishi RUS"]
[Date "2011.05.15"]
[Round "8.4"]
[White "Mammadov, Zaur Fazahir Oglu"]
[Black "Goganov, Aleksey"]
[Result "1/2-1/2"]
[WhiteElo "2351"]
[BlackElo "2480"]
[PlyCount "29"]
[EventDate "2011.05.07"]
[EventType "tourn"]
[EventRounds "11"]
[EventCountry "RUS"]
[EventCategory "3"]
[Source "lmi"]
[SourceDate "2011.05.07"]

1. e4 e6 2. d4 d5 3. Nc3 Bb4 4. e5 c5 5. Bd2 Ne7 6. Nb5 Bxd2+ 7. Qxd2 O-O 8. f4
a6 9. Nc3 cxd4 10. Qxd4 Nbc6 11. Qd2 Nf5 12. Bd3 d4 13. Ne4 Qb6 14. O-O-O Nb4
15. Kb1 1/2-1/2

[Event "Young Stars of the World 2011"]
[Site "Kirishi RUS"]
[Date "2011.05.15"]
[Round "8.5"]
[White "Atabayev, Yusup"]
[Black "Styazhkina, Anna"]
[Result "1-0"]
[WhiteElo "2319"]
[BlackElo "2026"]
[PlyCount "171"]
[EventDate "2011.05.07"]
[EventType "tourn"]
[EventRounds "11"]
[EventCountry "RUS"]
[EventCategory "3"]
[Source "lmi"]
[SourceDate "2011.05.07"]

1. e4 e5 2. Nf3 d6 3. d4 exd4 4. Nxd4 g6 5. Bc4 Bg7 6. O-O Nf6 7. Nc3 O-O 8.
Bg5 h6 9. Bh4 Nc6 10. Nxc6 bxc6 11. f4 Qe8 12. Qd3 Nd7 13. Rae1 Nc5 14. Qf3 Be6
15. Bb3 Qc8 16. f5 Bxb3 17. axb3 Nd7 18. f6 Bh8 19. Qf4 Kh7 20. Re3 Ne5 21. Rh3
Qg4 22. Bg5 h5 23. Qd2 Rfe8 24. Rh4 Qe6 25. h3 Kg8 26. Ne2 Nd7 27. Nd4 Qe5 28.
Nxc6 Qc5+ 29. Nd4 d5 30. exd5 Qxd5 31. Nf3 Qc5+ 32. Kh1 Nxf6 33. Rc4 Qb6 34.
Bxf6 Bxf6 35. Qf4 Re7 36. b4 Rae8 37. b3 Kg7 38. Rd1 a6 39. Rc5 Re4 40. Qxc7
Qxb4 41. Qa5 Qb8 42. Rc7 Bd8 43. Qc3+ Bf6 44. Qc5 R8e7 45. Rxe7 Rxe7 46. Qc4 a5
47. Qa6 Qg3 48. Rf1 Re6 49. Qc4 Re3 50. Kg1 Rc3 51. Qe4 Qc7 52. Ne1 Qc5+ 53.
Kh1 Qg5 54. Qf4 Qxf4 55. Rxf4 Be7 56. Kg1 Bc5+ 57. Kf1 Bb4 58. Rf2 f5 59. Nd3
Bd6 60. Rd2 Kf6 61. Ke2 g5 62. Kd1 g4 63. hxg4 hxg4 64. Re2 a4 65. bxa4 Ra3 66.
Nb2 Be5 67. Nc4 Ra1+ 68. Kd2 Bf4+ 69. Kd3 Rxa4 70. Re8 Ra7 71. Nb6 Bd6 72. Kd4
Ra2 73. Rc8 Be5+ 74. Kd3 Kg5 75. Nc4 Bf6 76. Rg8+ Kf4 77. Rf8 Be7 78. Rf7 Bc5
79. Nd2 Be3 80. g3+ Kxg3 81. Nf1+ Kh3 82. Nxe3 g3 83. Rxf5 g2 84. Rh5+ Kg3 85.
Rg5+ Kf3 86. Nxg2 1-0

[Event "Young Stars of the World 2011"]
[Site "Kirishi RUS"]
[Date "2011.05.16"]
[Round "9.1"]
[White "Alekseenko, Kirill"]
[Black "Smirnov, Vladislav"]
[Result "1-0"]
[WhiteElo "2317"]
[BlackElo "1957"]
[PlyCount "137"]
[EventDate "2011.05.07"]
[EventType "tourn"]
[EventRounds "11"]
[EventCountry "RUS"]
[EventCategory "3"]
[Source "lmi"]
[SourceDate "2011.05.07"]

1. e4 d5 2. exd5 Qxd5 3. Nc3 Qa5 4. d4 Nf6 5. Nf3 c6 6. Bc4 Bf5 7. Bd2 e6 8.
Qe2 Nbd7 9. O-O-O Bb4 10. Nh4 Bg6 11. Nxg6 hxg6 12. a3 Bxc3 13. Bxc3 Qh5 14. f3
O-O-O 15. h4 Nd5 16. Bd2 Rde8 17. g4 Qh7 18. Bb3 Qg8 19. c4 Nc7 20. Kb1 f6 21.
Qd3 Qf7 22. Be3 Kb8 23. Bf2 f5 24. g5 Rd8 25. Qc3 Rhe8 26. Rhe1 Nb6 27. a4 Nc8
28. Bg3 f4 29. Bf2 Nd6 30. Bc2 Nf5 31. Qa5 e5 32. dxe5 Rxd1+ 33. Bxd1 Ne3 34.
Bxe3 fxe3 35. Qc3 Qf5+ 36. Bc2 Qxe5 37. Qxe5 Rxe5 38. Bxg6 Ne6 39. Be4 Nd4 40.
Rxe3 Nxf3 41. Rxf3 Rxe4 42. Rf8+ Kc7 43. Rf7+ Kb6 44. h5 Rh4 45. c5+ Ka6 46.
Rxg7 Rxh5 47. Ka2 Rh3 48. b3 Rg3 49. Ka3 Rc3 50. Kb4 Rg3 51. Rg8 Rg4+ 52. Ka3
Rg3 53. g6 Rg4 54. b4 Rg3+ 55. Kb2 Rg4 56. Kc3 b6 57. b5+ cxb5 58. axb5+ Kxb5
59. g7 Rg5 60. c6 a5 61. Kd3 Rg3+ 62. Ke2 Kxc6 63. Rc8+ Kb5 64. g8=Q Rxg8 65.
Rxg8 a4 66. Kd2 Kb4 67. Kc2 b5 68. Kb2 Ka5 69. Kc3 1-0

[Event "Young Stars of the World 2011"]
[Site "Kirishi RUS"]
[Date "2011.05.16"]
[Round "9.2"]
[White "Styazhkina, Anna"]
[Black "Eliseev, Urii"]
[Result "0-1"]
[WhiteElo "2026"]
[BlackElo "2433"]
[PlyCount "80"]
[EventDate "2011.05.07"]
[EventType "tourn"]
[EventRounds "11"]
[EventCountry "RUS"]
[EventCategory "3"]
[Source "lmi"]
[SourceDate "2011.05.07"]

1. e4 c5 2. Nf3 d6 3. d4 cxd4 4. Nxd4 Nf6 5. Nc3 a6 6. Be2 e5 7. Nb3 Be7 8. O-O
O-O 9. Kh1 b5 10. a3 Nbd7 11. Be3 Nb6 12. f4 Qc7 13. Qe1 Nc4 14. Bxc4 Qxc4 15.
Nd2 Qc7 16. Qg3 exf4 17. Qxf4 Be6 18. Bd4 Nh5 19. Qe3 Bf6 20. Nf3 Bc4 21. Rf2
Bxd4 22. Nxd4 g6 23. b3 Be6 24. Rd1 Qc5 25. Nce2 Qxa3 26. Nf5 Bxf5 27. exf5
Rae8 28. Qd3 Qc5 29. Nd4 Nf6 30. fxg6 fxg6 31. Rdf1 Qg5 32. Nf3 Ne4 33. Re2 Qe7
34. Rfe1 Nf2+ 35. Rxf2 Qxe1+ 36. Rf1 Qe2 37. Qd5+ Qe6 38. Qb7 d5 39. Qc7 Qe2
40. Rg1 Rxf3 0-1

[Event "Young Stars of the World 2011"]
[Site "Kirishi RUS"]
[Date "2011.05.16"]
[Round "9.6"]
[White "Bajarani, Ulvi"]
[Black "Stukopin, Andrey"]
[Result "1/2-1/2"]
[WhiteElo "2437"]
[BlackElo "2471"]
[PlyCount "68"]
[EventDate "2011.05.07"]
[EventType "tourn"]
[EventRounds "11"]
[EventCountry "RUS"]
[EventCategory "3"]
[Source "lmi"]
[SourceDate "2011.05.07"]

1. d4 d5 2. Bg5 c6 3. Nf3 h6 4. Bh4 Qd6 5. b3 Bf5 6. e3 Nd7 7. Bd3 Bxd3 8. Qxd3
e5 9. dxe5 Qb4+ 10. Nbd2 Nxe5 11. Nxe5 Qxh4 12. Nef3 Qg4 13. O-O Nf6 14. h3 Qd7
15. e4 dxe4 16. Nxe4 Qxd3 17. Nxf6+ Ke7 18. Ng8+ Rxg8 19. cxd3 f6 20. d4 Rd8
21. Rad1 Kf7 22. Rd3 Bb4 23. Rfd1 Rd5 24. Kf1 Rgd8 25. Ke2 Ba5 26. g3 Bb6 27.
b4 h5 28. Kf1 R8d7 29. h4 Kg6 30. Kg2 Kf5 31. a3 Re7 32. Ne1 Re2 33. Kf3 Ra2
34. Ng2 Rd7 1/2-1/2

[Event "Young Stars of the World 2011"]
[Site "Kirishi RUS"]
[Date "2011.05.17"]
[Round "10.1"]
[White "Smirnov, Vladislav"]
[Black "Stukopin, Andrey"]
[Result "1/2-1/2"]
[WhiteElo "1957"]
[BlackElo "2471"]
[PlyCount "84"]
[EventDate "2011.05.07"]
[EventType "tourn"]
[EventRounds "11"]
[EventCountry "RUS"]
[EventCategory "3"]
[Source "lmi"]
[SourceDate "2011.05.07"]

1. e4 c5 2. Nc3 Nc6 3. g3 Rb8 4. Bg2 b5 5. a3 g6 6. d3 Bg7 7. f4 d6 8. Nf3 e6
9. O-O Nge7 10. Rb1 O-O 11. Be3 Nd4 12. Qd2 Qc7 13. Ne2 e5 14. c3 Nb3 15. Qc2
c4 16. d4 f6 17. Nd2 Be6 18. d5 Bg4 19. Nxb3 cxb3 20. Qd2 a5 21. h3 Bd7 22.
fxe5 fxe5 23. Bg5 Rbe8 24. Rxf8+ Bxf8 25. Rf1 Bg7 26. Kh2 Nc8 27. Bf6 Bxf6 28.
Rxf6 Qd8 29. Rf1 Nb6 30. Nc1 Nc4 31. Qf2 Rf8 32. Qxf8+ Qxf8 33. Rxf8+ Kxf8 34.
Bf1 Nxb2 35. Nxb3 a4 36. Nd2 Ke7 37. Be2 Kd8 38. g4 Kc7 39. Kg3 Kb6 40. Kh4 h6
41. Kg3 Bc8 42. Kf2 Kc5 1/2-1/2

[Event "Young Stars of the World 2011"]
[Site "Kirishi RUS"]
[Date "2011.05.17"]
[Round "10.3"]
[White "Mammadov, Zaur Fazahir Oglu"]
[Black "Atabayev, Maksat"]
[Result "1-0"]
[WhiteElo "2351"]
[BlackElo "2355"]
[PlyCount "115"]
[EventDate "2011.05.07"]
[EventType "tourn"]
[EventRounds "11"]
[EventCountry "RUS"]
[EventCategory "3"]
[Source "lmi"]
[SourceDate "2011.05.07"]

1. Nf3 Nf6 2. d4 g6 3. Bg5 Bg7 4. Nbd2 O-O 5. e4 d5 6. Bd3 h6 7. Bf4 c5 8. dxc5
Nc6 9. O-O Nh5 10. exd5 Nxf4 11. dxc6 bxc6 12. Be4 Qc7 13. c3 Rb8 14. Nb3 Ba6
15. Re1 Rbd8 16. Nbd2 f5 17. Bb1 e5 18. Qa4 Bb5 19. Qb3+ Kh7 20. Nc4 Rb8 21. g3
e4 22. Nd4 Nh3+ 23. Kg2 Bxd4 24. cxd4 Ng5 25. Bc2 Qd7 26. h4 Nf3 27. Red1 f4
28. Bxe4 Nxh4+ 29. Kg1 Qh3 30. gxf4 Qg4+ 31. Qg3 Qxg3+ 32. fxg3 Bxc4 33. Rdc1
Ba6 34. gxh4 Rxf4 35. Bg2 Rg4 36. b3 Rf8 37. Re1 Rf7 38. Re4 Rg3 39. Rae1 Bb7
40. Re7 Kg7 41. R1e6 Rg4 42. Rxf7+ Kxf7 43. Rd6 Ke7 44. Kf2 Rf4+ 45. Kg3 Rf6
46. Rxf6 Kxf6 47. b4 a6 48. a4 Ke6 49. Kf4 g5+ 50. hxg5 hxg5+ 51. Kxg5 Kd7 52.
Kf6 Kc7 53. Ke7 Bc8 54. Bf1 Bb7 55. b5 cxb5 56. axb5 axb5 57. Bxb5 Bd5 58. Kf6
1-0

[Event "Young Stars of the World 2011"]
[Site "Kirishi RUS"]
[Date "2011.05.17"]
[Round "10.4"]
[White "Atabayev, Yusup"]
[Black "Grigoryan, Karen H."]
[Result "1/2-1/2"]
[WhiteElo "2319"]
[BlackElo "2463"]
[PlyCount "62"]
[EventDate "2011.05.07"]
[EventType "tourn"]
[EventRounds "11"]
[EventCountry "RUS"]
[EventCategory "3"]
[Source "lmi"]
[SourceDate "2011.05.07"]

1. e4 c5 2. c3 d6 3. d4 Nf6 4. Bd3 Qc7 5. Ne2 g6 6. O-O Bg7 7. h3 O-O 8. Be3 b6
9. Nd2 Bb7 10. f4 Nbd7 11. f5 Rae8 12. Nf4 Kh8 13. Qe1 gxf5 14. exf5 Nd5 15.
Nxd5 Bxd5 16. f6 Bxf6 17. Rf5 e5 18. Rxf6 Nxf6 19. Qh4 Re6 20. Bg5 Nh5 21. Qxh5
f6 22. Bh4 Qg7 23. g4 f5 24. Bxf5 Rh6 25. Qg5 Qxg5 26. Bxg5 Rxh3 27. Nf1 h5 28.
dxe5 dxe5 29. Re1 hxg4 30. Rxe5 Rh1+ 31. Kf2 Rxf1+ 1/2-1/2

[Event "Young Stars of the World 2011"]
[Site "Kirishi RUS"]
[Date "2011.05.17"]
[Round "10.5"]
[White "Eliseev, Urii"]
[Black "Goganov, Aleksey"]
[Result "1/2-1/2"]
[WhiteElo "2433"]
[BlackElo "2480"]
[PlyCount "128"]
[EventDate "2011.05.07"]
[EventType "tourn"]
[EventRounds "11"]
[EventCountry "RUS"]
[EventCategory "3"]
[Source "lmi"]
[SourceDate "2011.05.07"]

1. e4 e6 2. d4 d5 3. Nc3 Bb4 4. e5 c5 5. a3 Bxc3+ 6. bxc3 Qc7 7. Nf3 b6 8. Bb5+
Bd7 9. a4 Bxb5 10. axb5 Ne7 11. O-O h6 12. h4 a5 13. bxa6 Rxa6 14. Rxa6 Nxa6
15. Qd3 c4 16. Qe3 Nb8 17. Ba3 Nbc6 18. h5 Qa7 19. Bxe7 Qxe7 20. Rb1 Qd8 21. g3
Kd7 22. Qf4 Rf8 23. Qg4 Rg8 24. Nh4 Kc7 25. f4 Qe7 26. Rf1 f5 27. exf6 Qxf6 28.
Re1 Re8 29. Ng6 b5 30. Ne5 Nxe5 31. Rxe5 Kd6 32. Qf3 Qf7 33. Kg2 Re7 34. Qd1
Kc6 35. Qe1 Re8 36. Qb1 Qf8 37. Qa1 Kb6 38. Qe1 Qf7 39. f5 Qxh5 40. fxe6 Qg6
41. e7 Qxc2+ 42. Kh3 g5 43. Re6+ Kb7 44. Qe5 g4+ 45. Kxg4 Qd1+ 46. Kf5 Qf3+ 47.
Qf4 Qh5+ 48. Kf6 Rg8 49. Qf5 Rg5 50. g4 Qe8 51. Qh7 Rxg4 52. Qxh6 Rg1 53. Ke5
Re1+ 54. Kf6 Rxe6+ 55. Kxe6 Qc6+ 56. Kf5 Qxh6 57. e8=Q Qh3+ 58. Kf4 Qf1+ 59.
Kg3 Qd3+ 60. Kf4 Qd2+ 61. Kg4 Qg2+ 62. Kf4 Qh2+ 63. Kg4 Kb6 64. Qd8+ Qc7
1/2-1/2

[Event "Young Stars of the World 2011"]
[Site "Kirishi RUS"]
[Date "2011.05.17"]
[Round "10.6"]
[White "Alekseenko, Kirill"]
[Black "Styazhkina, Anna"]
[Result "1-0"]
[WhiteElo "2317"]
[BlackElo "2026"]
[PlyCount "52"]
[EventDate "2011.05.07"]
[EventType "tourn"]
[EventRounds "11"]
[EventCountry "RUS"]
[EventCategory "3"]
[Source "lmi"]
[SourceDate "2011.05.07"]

1. e4 c6 2. d4 d5 3. exd5 cxd5 4. Bd3 Nc6 5. c3 Qc7 6. h3 e6 7. Nf3 Bd6 8. O-O
Nge7 9. b3 O-O 10. c4 Ng6 11. Nc3 a6 12. Bd2 Nf4 13. Bc2 Rd8 14. c5 Be7 15. Qc1
e5 16. dxe5 Ne6 17. Na4 Nxe5 18. Nxe5 Qxe5 19. Re1 Qf6 20. b4 Rb8 21. Nb6 a5
22. a3 Qh4 23. Bf5 Bf6 24. Rb1 Bd4 25. Be3 Qf6 26. Bxd4 Qxf5 1-0